| 000 | 00987nam a22002657a 4500 | ||
|---|---|---|---|
| 003 | DO-SdBNP | ||
| 005 | 20240502121957.0 | ||
| 007 | ta | ||
| 008 | 210722b 2020 dr a 00| 0 eng d | ||
| 020 | _a9789945454628 | ||
| 040 |
_aDO-SdBNP _bspa _cBNPHU |
||
| 082 | 4 |
_a304.820946 _bC422m _222 |
|
| 100 | 1 |
_aCéspedes Calderón, Ana María _979353 |
|
| 245 | 1 |
_aMigración a España: etnia y género : _belementos referenciales claves, de la desigualdad de la mujer inmigrante / _cAna María Céspedes Calderón |
|
| 260 |
_aSanto Domingo : _bManatí, _c2020. |
||
| 300 |
_a146 p. : _bil., fots., grafcs., rets. ; _c23 cm. |
||
| 500 | _aIncluye datos biográficos de la autora en las solapas. | ||
| 590 | _aInventariado, 2021 /LP | ||
| 650 | 4 |
_aMujeres inmigrantes _937998 |
|
| 650 | 0 |
_a Igualdad _912328 |
|
| 650 | 4 |
_aMujeres _xAspectos sociales _961868 |
|
| 651 | 4 |
_aEspaña _xEmigración e inmigración _96797 |
|
| 910 | _aLopérez/Validado. Control de calidad MFF | ||
| 942 |
_2ddc _cLBS1 |
||
| 999 |
_c50161 _d50161 |
||